000 00220nam a2200109Ia 4500
100 _a#N/A
942 _cBK
245 _a25 Business software and tools; Learn Physics
260 _b#N/A
546 _aENGLISH
999 _c31868
_d31868